| 000 | 00610nam a2200193Ia 4500 | ||
|---|---|---|---|
| 003 | GCL | ||
| 008 | 140319s9999 xx 000 0 ara d | ||
| 040 |
_aGCL / _cGCL |
||
| 082 | 0 | 4 |
_a928.1 _bف ش |
| 100 | 1 | _aفواز الشعار | |
| 245 | 1 | 0 |
_aالشعراء العرب : _bالموسوعة الثقافية العامة / _cفواز الشعار |
| 250 | _aالاولى | ||
| 260 |
_aبيروت : _bدار الجيل ، _c1999 |
||
| 300 |
_a208 ص ؛ _c24 سم |
||
| 650 | 0 | 4 | _aالادب العربى |
| 650 | 0 | 4 | _aالشعراء العرب |
| 650 | 0 | 4 | _aالشعراء - تراجم |
| 942 |
_2ddc _cBK |
||
| 999 |
_c3486 _d3486 |
||